Detalles MARC
| 000 -LEADER |
| fixed length control field |
02055 am a2200565 a 4500 |
| 005 - FECHA ULTIMA MODIFICACION |
| control field |
20240522092913.0 |
| 008 - CAMPO DE CONTROL (LIBRO) |
| fixed length control field |
100311s1993||||sp a f |||| 001 0 spa d |
| 020 ## - INTERNATIONAL STANDARD BOOK NUMBER |
| ISBN |
8428209243 |
| 041 ## - CODIGO DE IDIOMA |
| Código de idioma del texto/pista de sonido o título separado |
spa |
| 092 ## - SIGNATURA TOPOGRAFICA DEWEY LOCAL |
| número de clasificación |
574.192 |
| libristica |
47 |
| sección |
LEN |
| 100 1# - ENTRADA PRINCIPAL--NOMBRE PERSONAL |
| Nombre personal |
Lehninger, Albert L. |
| 9 (RLIN) |
394 |
| 245 ## - TITULO PROPIAMENTE DICHO |
| Título |
Principios de Bioquímica / |
| Mención de responsabilidad y remanente de la transcripción de la portada |
Albert L. Lehninger |
| 250 ## - MENCION DE EDICION |
| Mención de edición |
2a ed. |
| Mención de responsabilidad relacionada con la ed. |
Traducción Claudi M. Cuchillo Foix y Josep Vendrell i Roca |
| 260 ## - PIE DE IMPRENTA |
| Lugar de publicación, distribución, etc |
Barcelona: |
| Nombre de la editorial, distribuidor, etc |
Omega; |
| Fecha de publicación |
1993. |
| 300 ## - DESCRIPCION FISICA |
| Extension |
1013 p. |
| Otros detalles físicos |
il. |
| 500 ## - NOTA GENERAL |
| Nota general |
Lehninger, A. L., Nelson, D. L. y Cox, M. M. (1993). Principios de Bioquímica. (2a ed.). Barcelona : Omega. |
| 590 ## - NOTAS LOCALES (RLIN) |
| Nota local |
Donación J. M. Alfonso, Mayo 2008 |
| 653 ## - TÉRMINO INDIZADO - PALABRAS CLAVES |
| Palabra clave |
Lógica molecular de la vida |
| 653 ## - TÉRMINO INDIZADO - PALABRAS CLAVES |
| Palabra clave |
Células |
| 653 ## - TÉRMINO INDIZADO - PALABRAS CLAVES |
| Palabra clave |
Biomoléculas |
| 653 ## - TÉRMINO INDIZADO - PALABRAS CLAVES |
| Palabra clave |
Agua: su efecto sobre las biomoléculas en disolución |
| 653 ## - TÉRMINO INDIZADO - PALABRAS CLAVES |
| Palabra clave |
Aminoácidos y péptidos |
| 653 ## - TÉRMINO INDIZADO - PALABRAS CLAVES |
| Palabra clave |
Proteínas |
| 653 ## - TÉRMINO INDIZADO - PALABRAS CLAVES |
| Palabra clave |
Estructura tridimensional de las proteinas |
| 653 ## - TÉRMINO INDIZADO - PALABRAS CLAVES |
| Palabra clave |
Enzimas |
| 653 ## - TÉRMINO INDIZADO - PALABRAS CLAVES |
| Palabra clave |
Lípidos |
| 653 ## - TÉRMINO INDIZADO - PALABRAS CLAVES |
| Palabra clave |
Membranas biológicas y transporte |
| 653 ## - TÉRMINO INDIZADO - PALABRAS CLAVES |
| Palabra clave |
Glúcidos |
| 653 ## - TÉRMINO INDIZADO - PALABRAS CLAVES |
| Palabra clave |
Nucleótidos y ácidos nucleicos |
| 653 ## - TÉRMINO INDIZADO - PALABRAS CLAVES |
| Palabra clave |
Bioenergética |
| 653 ## - TÉRMINO INDIZADO - PALABRAS CLAVES |
| Palabra clave |
Glucólisis y catabolismo de las hexosas |
| 653 ## - TÉRMINO INDIZADO - PALABRAS CLAVES |
| Palabra clave |
Ciclo del ácido cítrico |
| 653 ## - TÉRMINO INDIZADO - PALABRAS CLAVES |
| Palabra clave |
Oxidación de los ácidos grasos |
| 653 ## - TÉRMINO INDIZADO - PALABRAS CLAVES |
| Palabra clave |
Oxidación de aminoácidos y producción de urea |
| 653 ## - TÉRMINO INDIZADO - PALABRAS CLAVES |
| Palabra clave |
Fosforilación oxidativa y fotofosforilación |
| 653 ## - TÉRMINO INDIZADO - PALABRAS CLAVES |
| Palabra clave |
Biosíntesis de glúcidos |
| 653 ## - TÉRMINO INDIZADO - PALABRAS CLAVES |
| Palabra clave |
Biosíntesis de lípidos |
| 653 ## - TÉRMINO INDIZADO - PALABRAS CLAVES |
| Palabra clave |
Biosíntesis de aminoácidos, nucleótidos y moléculas relacionadas |
| 653 ## - TÉRMINO INDIZADO - PALABRAS CLAVES |
| Palabra clave |
Integración y regulación hormonal del metabolismo de los mamiferos |
| 653 ## - TÉRMINO INDIZADO - PALABRAS CLAVES |
| Palabra clave |
Genes y cromosomas |
| 653 ## - TÉRMINO INDIZADO - PALABRAS CLAVES |
| Palabra clave |
Metabolismo del DNA |
| 653 ## - TÉRMINO INDIZADO - PALABRAS CLAVES |
| Palabra clave |
Metabolismo del RNA |
| 653 ## - TÉRMINO INDIZADO - PALABRAS CLAVES |
| Palabra clave |
Metabolismo de proteínas |
| 653 ## - TÉRMINO INDIZADO - PALABRAS CLAVES |
| Palabra clave |
Regulación de la expresión génica |
| 653 ## - TÉRMINO INDIZADO - PALABRAS CLAVES |
| Palabra clave |
Tecnología del DNA recombinante |
| 700 1# - ENTRADAS SECUNDARIAS - NOMBRE PERSONAL |
| Nombre personal |
Nelson, David L. |
| 9 (RLIN) |
395 |
| 700 1# - ENTRADAS SECUNDARIAS - NOMBRE PERSONAL |
| Nombre personal |
Cox, Michael M. |
| 9 (RLIN) |
396 |
| 930 ## - NUMERO DE INVENTARIO |
| Número de inventario |
1933 |
| 942 ## - ADDED ENTRY ELEMENTS (KOHA) |
| Source of classification or shelving scheme |
Dewey Decimal Classification |
| Item type |
Libros |